Nhà văn với nghề văn :/ Khát vọng về cái đẹp; lòng nhân ái; cảm xúc huyền diệu; công sức về câu chữ...(Đọc "Phút giây huyền diệu" - Tiểu luận và bút ký về nghề văn của Ma Văn Kháng) /
Saved in:
| Main Author: | |
|---|---|
| Format: | Article |
| Language: | Vietnamese |
| Subjects: | |
| Tags: |
Add Tag
No Tags, Be the first to tag this record!
|
| Institutions: | Thư viện Trường Đại học Đà Lạt |
|---|
| LEADER | 01026nam a2200277 4500 | ||
|---|---|---|---|
| 001 | DLU170182313 | ||
| 005 | ##20171205 | ||
| 040 | # | # | |a DLU |b vie |
| 041 | # | # | |a vie |
| 044 | # | # | |a vn |
| 100 | # | # | |a Nguyễn Ngọc Thiện. |
| 245 | # | # | |a Nhà văn với nghề văn :/ |b Khát vọng về cái đẹp; lòng nhân ái; cảm xúc huyền diệu; công sức về câu chữ...(Đọc "Phút giây huyền diệu" - Tiểu luận và bút ký về nghề văn của Ma Văn Kháng) / |c Nguyễn Ngọc Thiện. |
| 653 | # | # | |a Bút ký |
| 653 | # | # | |a Giá trị thẩm mỹ |
| 653 | # | # | |a Lòng nhân ái |
| 653 | # | # | |a Nhà văn Ma Văn Kháng |
| 653 | # | # | |a Tiểu luận |
| 773 | # | # | |t Tạp chí Lý luận, phê bình văn học, nghệ thuật |g Số 5, 2013, tr. 53-58 |
| 920 | # | # | |a Phòng Tạp chí --Trung tâm Thông tin - Thư viện Trường Đại học Đà Lạt |
| 900 | # | # | |a True |
| 911 | # | # | |a Lê Thị Hồng |
| 925 | # | # | |a G |
| 926 | # | # | |a A |
| 927 | # | # | |a BB |
| 980 | # | # | |a Thư viện Trường Đại học Đà Lạt |